Všetci všetko vidia, ale nie všetci všetko vedia (slovenské príslovie)

História eura. Voľba nominálnych hodnôt. Dizajn bankoviek. Príprava finálnych návrhov. Tlač bankoviek. Testovacie bankovky. Príprava tlačových dosiek. Výroba papiera. Vlastná tlač bankoviek. Ochranné prvky. Slovenské eurové bankovky a eurové mince. Jazykové okienko.

Salvato in:
Dettagli Bibliografici
Autore principale: Schlosser, Gabriel
Natura: Capitolo di libro
Lingua:slovacco
Soggetti:
Tags: Aggiungi Tag
Nessun Tag, puoi essere il primo ad aggiungerne!!

MARC

LEADER 00000naa$a2200000$$$4500
001 0091707
005 20231106075619.8
041 0 |a slo 
044 |a SK 
245 1 0 |a Všetci všetko vidia, ale nie všetci všetko vedia (slovenské príslovie)  |c Gabriel Schlosser 
520 |a História eura. Voľba nominálnych hodnôt. Dizajn bankoviek. Príprava finálnych návrhov. Tlač bankoviek. Testovacie bankovky. Príprava tlačových dosiek. Výroba papiera. Vlastná tlač bankoviek. Ochranné prvky. Slovenské eurové bankovky a eurové mince. Jazykové okienko. 
610 2 0 |a euro 
610 2 0 |a mena 
610 2 0 |a bankovky 
100 1 |a Schlosser, Gabriel